| 000 | 00573nam a22001937a 4500 | ||
|---|---|---|---|
| 999 |
_c11594 _d11594 |
||
| 003 | AR-CdUCM | ||
| 008 | 190404b ||||| |||| 00| 0 eng d | ||
| 040 |
_aMUNICIPALIDAD PROVINCIAL DEL CUSCO _cBIBLIOTECA MUNICIPAL DEL CUSCO |
||
| 082 |
_a985.009/ _bG91/1922 |
||
| 100 |
_aLeguia, Jorge Guilermo _929029 |
||
| 245 | _aEl precursor / | ||
| 260 |
_aLima : _bEdit. E.Rosay, _c1922. |
||
| 300 |
_a123 paginas ; _c17 cm. |
||
| 505 | _aContenido :El precursor / | ||
| 650 |
_aPeru _9429 |
||
| 650 |
_aDiccionarios _95105 |
||
| 942 |
_2ddc _cLIBROS |
||
| 945 |
_arjall _d2019-04-04 |
||